Achieving airtight buildings (Record no. 65843)

MARC details
000 -LEADER
fixed length control field 01334cam a2200217 4500
001 - CONTROL NUMBER
control field ABS63506
008 - FIXED-LENGTH DATA ELEMENTS--GENERAL INFORMATION
fixed length control field 000000n2001 000 0 eng u
035 ## - SYSTEM CONTROL NUMBER
System control number (Sirsi) u110440
100 ## - MAIN ENTRY--PERSONAL NAME
Personal name Webb, B.
245 ## - TITLE STATEMENT
Title Achieving airtight buildings
260 ## - PUBLICATION, DISTRIBUTION, ETC.
Date of publication, distribution, etc. 2001
490 ## - SERIES STATEMENT
Series statement Building Services Journal
Volume/sequential designation 23(1) January 2001
520 ## - SUMMARY, ETC.
Summary, etc. The DETR is to publish a new edition of Part L of the Building Regulations in 2001 which will may introduce mandatory standards and compliance air pressure testing for all non-domestic buildings. Outlines the details of government proposals regarding airtightness, including its intention to regulate existing buildings, whereby leakage should not exceed 10 cubic metres per hour per metre squared of envelope area at 50 Pa. Obligatory sample testing of dwellings is also proposed for 2003. The contractual responsibilities of clients, procurers, architects and contractors are also discussed alongside the three keys to airtight buildings, design for airtightness, build for airtightness and test for airtightness.
650 ## - SUBJECT ADDED ENTRY--TOPICAL TERM
Topical term or geographic name entry element AIRTIGHTNESS
650 ## - SUBJECT ADDED ENTRY--TOPICAL TERM
Topical term or geographic name entry element BUILDING REGULATIONS
9 (RLIN) 6224
650 ## - SUBJECT ADDED ENTRY--TOPICAL TERM
Topical term or geographic name entry element Block management
9 (RLIN) 6220
650 ## - SUBJECT ADDED ENTRY--TOPICAL TERM
Topical term or geographic name entry element BUILDING REGULATIONS 2000 APPROVED DOCUMENT L1 (2002 EDITION)
650 ## - SUBJECT ADDED ENTRY--TOPICAL TERM
Topical term or geographic name entry element VENTILATION
690 ## - LOCAL SUBJECT ADDED ENTRY--TOPICAL TERM (OCLC, RLIN)
Topical term or geographic name as entry element BUILT ENVIRONMENT-BUILDING STANDARDS
942 ## - ADDED ENTRY ELEMENTS (KOHA)
Suppress in OPAC 0
Holdings
Withdrawn status Lost status Source of classification or shelving scheme Damaged status Not for loan Home library Current library Shelving location Date acquired Total Checkouts Full call number Barcode Date last seen Copy number Price effective from Koha item type
    Dewey Decimal Classification     London London Journal article 18/01/2001   ABS63506 110440-1001 06/08/2019 1 06/08/2019 Journal article